Statistics for Fast Typing- Island Countries

Click here to take the quiz!

General Stats

  • This quiz has been taken 20 times
  • The average score is 29 of 47

Answer Stats

Answer% Correct
Japan
84%
New Zealand
84%
Cuba
79%
Fiji
79%
Haiti
74%
Indonesia
74%
Jamaica
74%
Saint Vincent and the Grenadines
74%
Dominican Republic
68%
Ireland
68%
Malta
68%
Saint Kitts and Nevis
68%
Saint Lucia
68%
Taiwan
68%
Tuvalu
68%
United Kingdom
68%
Bahamas
63%
Comoros
63%
Cyprus
63%
Dominica
63%
Iceland
63%
Madagascar
63%
Mauritius
63%
Sri Lanka
63%
Trinidad and Tobago
63%
Antigua and Barbuda
58%
Cape Verde
58%
F.S. Micronesia
58%
Grenada
58%
Palau
58%
Philippines
58%
São Tomé and Príncipe
58%
Solomon Islands
58%
Vanuatu
58%
Barbados
53%
Marshall Islands
53%
Nauru
53%
Papua New Guinea
53%
Samoa
53%
Seychelles
53%
Tonga
53%
Bahrain
47%
Kiribati
47%
Brunei
42%
East Timor
42%
Maldives
42%
Singapore
37%

Score Distribution

Percentile by Number Answered

Percent of People with Each Score

Your Score History

You have not taken this quiz